Kľúčové problémy vybraných územnosprávnych celkov bakalárska práca

Na minha lista:
Detalhes bibliográficos
Autor principal: Olahová, Viktória
Autor Corporativo: Národohospodárska fakulta EU. Katedra financií
Outros Autores: Belkovicsová, Daša, 1982-
Formato: Livro
Idioma:eslovaco
Publicado em: Bratislava 2025
Tags: Adicionar Tag
Sem tags, seja o primeiro a adicionar uma tag!

MARC

LEADER 00000nbm a2200000 4500
001 0309140
005 20251015124336.0
041 0 |a slo 
044 |a SK 
245 1 0 |a Kľúčové problémy vybraných územnosprávnych celkov  |b bakalárska práca  |c Viktória Olahová ; školiteľ: Daša Belkovicsová 
264 1 |a Bratislava  |c 2025 
300 |a 49 s. 
100 1 |a Olahová, Viktória 
700 1 |a Belkovicsová, Daša, 1982- 
710 2 |a Národohospodárska fakulta EU. Katedra financií